SI Units Named After People - Statistics

General Stats
  • This quiz has been taken 20 times
  • The average score is 10 of 15
Answer Stats
Quantity Unit % Correct
Force Newton
100%
Electric Current Ampere
89%
Temperature Kelvin
89%
Power Watt
89%
Electric Resistance Ohm
79%
Energy Joule
74%
Electric Potential Volt
74%
Frequency Hertz
68%
Magnetic Flux Density Tesla
68%
Capacitance Farad
53%
Pressure Pascal
53%
Electric Charge Coulomb
47%
Radioactivity Becquerel
32%
Conductance Siemens
26%
Magnetic Flux Weber
26%
No matching quizzes found
Score Distribution
Percent of People with Each Score
Percentile by Number Answered
Your Score History
You have not taken this quiz